000 00389nam a2200145Ia 4500
008 151213s9999 xx 000 0 und d
100 _aJohn Blady
245 _aJames Joyce A Portrait of the Artist as a Young Man
_cJohn Blady
260 _aLondon
_bPenguin Books
_c1991
300 _a4869 p.
650 _aEnglish
650 _aEnglish Literature
700 _aJohn Blady
999 _c3061
_d3061